|
|
|
|
| LEADER |
01025nam a2200241 a 4500 |
| 001 |
AAL4013 |
| 003 |
BD-DhAAL |
| 005 |
20160305193501.0 |
| 008 |
100421s2002 bg 000 0 mul d |
| 040 |
|
|
|a BD-DhAAL
|c BD-DhAAL
|
| 082 |
0 |
0 |
|a 349.54
|2 22
|
| 999 |
|
|
|c 37041
|d 37041
|
| 999 |
|
|
|c 8192
|
| 100 |
1 |
|
|a ধর, নির্মলেন্দু
|9 18355
|
| 245 |
0 |
0 |
|a হিন্দু আইন /
|c নির্মলেন্দু ধর
|
| 260 |
|
|
|a ঢাকা :
|b রেমিসি পাবলিশার্স,
|c 2002
|
| 300 |
|
|
|a ২২১ পৃ. ;
|c ২৪ সে.মি.
|
| 541 |
1 |
|
|e 4013
|
| 650 |
|
0 |
|a Hindu law.
|9 18356
|
| 852 |
4 |
|
|a Savar Campus Library
|j General Shelf
|
| 942 |
|
|
|2 ddc
|c BK
|
| 952 |
|
|
|0 0
|1 0
|2 ddc
|4 0
|6 349_540000000000000_DOR
|7 0
|9 58286
|a SCL
|b SCL
|c GEN
|d 2016-03-05
|g 200.00
|l 1
|m 2
|o 349.54 DOR
|p 3020004013
|r 2025-10-25
|s 2025-10-11
|t 1
|w 2016-03-05
|y BK
|
| 952 |
|
|
|0 0
|1 0
|2 ddc
|4 0
|6 349_540000000000000_DOR
|7 0
|9 58360
|a SCL
|b SCL
|c GEN
|d 2016-03-13
|g 125.00
|l 0
|o 349.54 DOR
|p 3020001860
|r 2016-03-13
|t 2
|w 2016-03-13
|y BK
|